| 000 | 00402nam a22001457a 4500 | ||
|---|---|---|---|
| 999 |
_c5015 _d5015 |
||
| 008 | 201001b ||||| |||| 00| 0 eng d | ||
| 082 | 0 | 0 |
_223rd ed. _a823.912 _bG178 |
| 100 |
_94002 _aGalsworthy, John |
||
| 245 | 1 | 0 |
_a(The) Forsyte saga / _cby John Galsworthy |
| 250 | _a46th rep ed. | ||
| 260 |
_aMelbourne: _bWilliam Heinemann, _c1951. |
||
| 300 | _a1042 p. | ||
| 650 | 0 | _aEnglish fiction | |
| 942 | _cBK | ||